000 00462njm a2200169 i 4500
001 C2-0250952
003 PPAK
005 20180729152220.0
008 030803s my |||| ||||| | may d
040 _aPPAK
_beng
_cPPAK
_erda
245 0 0 _aInstrumental 1 koleksi lagu-lagu zapin
264 1 _aJohor Bahru, Johor :
_bYayasan Warisan Johor ,
336 _2rdacontent
_atext
337 _2rdamedia
_aunmediated
338 _2rdacarrier
_avolume
942 _ddc
_cB
999 _c163289
_d163289